| 000 | 01134cab a2200241 4500 | ||
|---|---|---|---|
| 001 | ABS67430 | ||
| 008 | 040205n2004 000 0 eng u | ||
| 035 | _a(Sirsi) u125045 | ||
| 100 | _aHodgkinson, P. | ||
| 245 | _aMy cure-all health plan | ||
| 260 | _c2004 | ||
| 490 |
_aBuilding _v269(8315) 16 January 2004, 34(1) |
||
| 520 | _aDiscusses the importance of health and safety training for all staff of construction companies. Describes how all the operational staff of the company attended the Construction Skills Certification Scheme and urges the government to make it compulsory for all directors of construction companies which would do much to improve health and safety over the whole industry. Further urges companies to examine business issues from a health and safety perspective. | ||
| 590 | _aABS | ||
| 650 | _aCONSTRUCTION SAFETY | ||
| 650 | _aOCCUPATIONAL HEALTH AND SAFETY | ||
| 650 | _aCONSTRUCTION AND PROPERTY SERVICES | ||
| 650 | _aHEALTH AND SAFETY EXECUTIVE | ||
| 650 | _aCOMPANY DIRECTORS | ||
| 650 | _aCONSTRUCTION SKILLS CERTIFICATION SCHEME | ||
| 690 |
_aHealth and safety _96244 |
||
| 942 | _n0 | ||
| 999 |
_c74120 _d74120 |
||